000 00582nam a2200157Ia 4500
008 210719s2005 xx 000 0 und d
041 _aeng
082 _a658.8 SHES
100 _aSHETTY (Ramya V)
245 _aStudy on customer satisfaction towards watches with special reference to titan watches
260 _aMangalore
_bDepartment of Business Management St Aloysius College
_c2005
300 _a73
_bHB
650 _aProject Reports
650 _aProject Reports
906 _acustomer ; on ; reference ; satisfaction ; special ; Study ; titan ; to ; towards ; watches ; with
999 _c215084
_d215084